Welcome to CU Library Online Public Access Catalogue (OPAC)

THE THEOLOGY OF THE OLDER TESTAMENT (Record no. 6748)

MARC details
000 -LEADER
fixed length control field 00353nam a22001337a 4500
005 - DATE AND TIME OF LATEST TRANSACTION
control field 20250628095008.0
008 - FIXED-LENGTH DATA ELEMENTS--GENERAL INFORMATION
fixed length control field 250628b |||||||| |||| 00| 0 eng d
050 ## - LIBRARY OF CONGRESS CALL NUMBER
Classification number BS1192
Item number .5 PAY
100 ## - MAIN ENTRY--PERSONAL NAME
Personal name PAYNE BARCON J.
245 ## - TITLE STATEMENT
Title THE THEOLOGY OF THE OLDER TESTAMENT
260 ## - PUBLICATION, DISTRIBUTION, ETC.
Place of publication, distribution, etc. MICHIGAN
Name of publisher, distributor, etc. ZONDERVAN CORPORATION
Date of publication, distribution, etc. c1962
300 ## - PHYSICAL DESCRIPTION
Extent 554p
942 ## - ADDED ENTRY ELEMENTS (KOHA)
Source of classification or shelving scheme Library of Congress Classification
Koha item type Books
Suppress in OPAC No
999 ## -
-- 6748
-- 6748
Holdings
Withdrawn status Lost status Source of classification or shelving scheme Damaged status Not for loan Collection Home library Current library Shelving location Date acquired Total checkouts Full call number Barcode Date last seen Copy number Price effective from Koha item type
    Library of Congress Classification     Non-fiction Undergraduate Library (Christ Temple) Undergraduate Library (Christ Temple) General stacks 06/28/2025   BS1192.5 PAY ulct00003599 06/28/2025 1 06/07/2025 Books
© 2023-2024 Copyright: Central University Libraries. All Rights Reserved | Created by: Mahone Tech Office